[Event "Pobeskydi 2024"]
[Site "Frydek-Mistek, Czech Republic"]
[Date "2024.03.28"]
[Round "1.1"]
[White "Mica, Marek"]
[Black "Zezula, Jakub"]
[Result "1-0"]
[WhiteElo "2368"]
[BlackElo "2031"]
[PlyCount "47"]
[EventDate "2024.??.??"]

1. Nf3 d5 2. d4 Nf6 3. c4 c6 4. Qb3 e6 5. Bg5 Be7 6. e3 h6 7. Bf4 O-O 8. Nc3
dxc4 9. Bxc4 b5 10. Be2 a6 11. Ne5 Bb7 12. Bf3 Qb6 13. O-O Nbd7 14. a4 Nxe5 15.
Bxe5 Rac8 16. Rfc1 Rfd8 17. Bxf6 Bxf6 18. Ne4 Be7 19. Nc5 Ba8 20. Nxe6 Rd6 21.
Nc5 a5 22. Nd3 Bb7 23. Ne5 Rf8 24. Nc4 1-0

[Event "Pobeskydi 2024"]
[Site "Frydek-Mistek, Czech Republic"]
[Date "2024.03.28"]
[Round "1.2"]
[White "Tolmacevs, Artjoms"]
[Black "Turcan, Richard"]
[Result "1/2-1/2"]
[WhiteElo "2028"]
[BlackElo "2366"]
[PlyCount "122"]
[EventDate "2024.??.??"]
[EventCountry "CZE"]

1. e4 c5 2. Nf3 Nc6 3. d4 cxd4 4. Nxd4 Nf6 5. Nc3 d6 6. Bg5 e6 7. f3 Be7 8. h4
O-O 9. Qd2 d5 10. O-O-O dxe4 11. Nxc6 Qxd2+ 12. Rxd2 bxc6 13. Nxe4 Nxe4 14.
fxe4 Bc5 15. e5 f6 16. exf6 h6 17. Bf4 Rxf6 18. Rd8+ Kf7 19. g3 Be7 20. Rd2 Bb7
21. Rd7 Bc8 22. Rc7 Kf8 23. Bg2 Bd8 24. Bd6+ Kg8 25. Bxc6 Bxc7 26. Bxc7 Rf7 27.
Bxa8 Rxc7 28. Re1 Kf7 29. Re3 g5 30. hxg5 hxg5 31. b3 Kf6 32. c4 e5 33. Be4 g4
34. Kc2 Bf5 35. Bxf5 Kxf5 36. Kc3 e4 37. b4 Ke5 38. c5 Rf7 39. c6 Kd5 40. b5 a6
41. Rxe4 axb5 42. Rxg4 Kxc6 43. Rf4 Rh7 44. Rf2 Rg7 45. Rg2 Rg4 46. Kd3 Kd5 47.
Ke3 Ke5 48. Kf3 Ra4 49. Rb2 Ra3+ 50. Kg4 Kf6 51. Kh4 Kg6 52. Rg2 b4 53. Rb2 Ra4
54. g4 Ra3 55. Rxb4 Rxa2 56. Rb6+ Kg7 57. Kh5 Ra5+ 58. g5 Rc5 59. Rb7+ Kg8 60.
Kh6 Rc6+ 61. g6 Rc8 1/2-1/2

[Event "Pobeskydi 2024"]
[Site "Frydek-Mistek, Czech Republic"]
[Date "2024.03.28"]
[Round "1.3"]
[White "Walek, Petr"]
[Black "Marjanovic, Alex"]
[Result "1-0"]
[WhiteElo "2272"]
[BlackElo "2020"]
[PlyCount "69"]
[EventDate "2024.??.??"]

1. e4 c5 2. Nf3 Nc6 3. Nc3 g6 4. d4 cxd4 5. Nxd4 Bg7 6. Be3 Nf6 7. Bc4 Qa5 8.
O-O O-O 9. Bb3 d6 10. h3 Nd7 11. Nd5 Qd8 12. c3 Nc5 13. Bg5 Re8 14. Re1 Ne6 15.
Nxe6 Bxe6 16. a3 Rc8 17. Qe2 h6 18. Be3 b6 19. f4 Na5 20. Ba2 Qd7 21. Rad1 Qb7
22. Rf1 Bxd5 23. Bxd5 Qd7 24. f5 e6 25. fxe6 fxe6 26. Ba2 Nc6 27. Qd2 Kh7 28.
Qxd6 Qb7 29. Qd7 Re7 30. Qxb7 Rxb7 31. Bxe6 Rcc7 32. Bf4 Ne5 33. Rd8 Bf6 34.
Bg8+ Kg7 35. Bxh6+ 1-0

[Event "Pobeskydi 2024"]
[Site "Frydek-Mistek, Czech Republic"]
[Date "2024.03.28"]
[Round "1.4"]
[White "Mrazik, Tomas"]
[Black "Brejnik, Gustav"]
[Result "1-0"]
[WhiteElo "2013"]
[BlackElo "2265"]
[PlyCount "87"]
[EventDate "2024.??.??"]

1. Nf3 d5 2. e3 Nf6 3. c4 e6 4. Nc3 c6 5. Qc2 Bd6 6. Be2 O-O 7. b3 b6 8. Bb2
Bb7 9. cxd5 exd5 10. O-O Nbd7 11. d4 Re8 12. a4 a5 13. Ba3 Bb4 14. Bd3 Ba6 15.
Bxa6 Rxa6 16. Bxb4 axb4 17. Ne2 Qa8 18. Rac1 c5 19. Rfd1 Ne4 20. Nd2 Ndf6 21.
Nxe4 Nxe4 22. f3 Nf6 23. dxc5 Rxe3 24. c6 Ra7 25. Nd4 Ne8 26. Qd2 Re5 27. Qxb4
Qb8 28. Nb5 Rae7 29. Re1 Rxe1+ 30. Rxe1 Rxe1+ 31. Qxe1 Qc8 32. Qc3 f6 33. b4
Kf7 34. a5 bxa5 35. bxa5 h5 36. c7 g5 37. Qc6 d4 38. Qxe8+ Kxe8 39. Nd6+ Kd7
40. Nxc8 Kxc8 41. Kf1 Kxc7 42. Ke2 Kc6 43. Kd3 Kc5 44. a6 1-0

[Event "Pobeskydi 2024"]
[Site "Frydek-Mistek, Czech Republic"]
[Date "2024.03.28"]
[Round "1.7"]
[White "Kanakova, Natalie"]
[Black "Schoupal, Patrik"]
[Result "1-0"]
[WhiteElo "2180"]
[BlackElo "1980"]
[PlyCount "57"]
[EventDate "2024.??.??"]

1. Nf3 d5 2. e3 c6 3. c4 e6 4. b3 Nf6 5. Bb2 Be7 6. Nc3 O-O 7. Qc2 Nbd7 8. d4
Ne4 9. Nxe4 dxe4 10. Qxe4 Bb4+ 11. Kd1 e5 12. Nxe5 Re8 13. a3 Nxe5 14. axb4 f5
15. Qc2 Ng4 16. h3 Qh4 17. g3 Qh5 18. Kc1 Nxe3 19. fxe3 Qf3 20. Bg2 Qxg3 21.
Ra5 Rxe3 22. Re5 Bd7 23. Rxe3 Qxe3+ 24. Kb1 f4 25. Bc1 Qg3 26. Be4 a5 27. Rf1
g5 28. Bxh7+ Kh8 29. d5 1-0

[Event "Pobeskydi 2024"]
[Site "Frydek-Mistek, Czech Republic"]
[Date "2024.03.28"]
[Round "1.6"]
[White "Miculka, Petr"]
[Black "Kratochvil, Vit"]
[Result "0-1"]
[WhiteElo "1999"]
[BlackElo "2203"]
[PlyCount "102"]
[EventDate "2024.??.??"]

1. e4 c5 2. Nf3 g6 3. c3 d5 4. exd5 Qxd5 5. d4 Bg7 6. Na3 cxd4 7. cxd4 Nf6 8.
Bc4 Qd8 9. O-O O-O 10. Re1 Nc6 11. Bd2 a6 12. Rc1 Bg4 13. Bc3 e6 14. h3 Bxf3
15. Qxf3 Rc8 16. Rcd1 Nd5 17. Bxd5 Qxd5 18. Qxd5 exd5 19. Nc2 Rfd8 20. a4 Bf8
21. Rd3 Rd7 22. Re2 Nd8 23. Re8 Kg7 24. Ne3 f6 25. Ng4 Rc6 26. Rf3 Be7 27. Bd2
Nf7 28. Re3 Bd6 29. R3e6 Rc2 30. Nxf6 Rxd2 31. Nxd7 Rd1+ 32. Re1 Rxd4 33. b3
Rd3 34. R8e3 Rd2 35. R3e2 Rd3 36. Rb1 d4 37. g3 h5 38. Nb6 h4 39. Nc4 hxg3 40.
Nxd6 Nxd6 41. b4 gxf2+ 42. Kxf2 Kf6 43. Kg2 Ra3 44. Rd2 Nf5 45. a5 Ke5 46. Rbb2
Ke4 47. Ra2 Nh4+ 48. Kf2 Rxh3 49. Re2+ Kf4 50. Rad2 d3 51. Re7 Rh2+ 0-1

[Event "Pobeskydi 2024"]
[Site "Frydek-Mistek, Czech Republic"]
[Date "2024.03.28"]
[Round "1.8"]
[White "Janik, Marek Tobias"]
[Black "Stevik, Patrik"]
[Result "0-1"]
[WhiteElo "1971"]
[BlackElo "2167"]
[PlyCount "130"]
[EventDate "2024.??.??"]

1. d4 d5 2. c4 e6 3. Nc3 c5 4. cxd5 exd5 5. Nf3 Nf6 6. e3 Nc6 7. Be2 c4 8. O-O
Bb4 9. Bd2 O-O 10. a3 Bxc3 11. Bxc3 b5 12. Ne5 Qd6 13. Nxc6 Qxc6 14. a4 a5 15.
axb5 Qxb5 16. Qa4 Qb6 17. Rfe1 Bd7 18. Qc2 a4 19. f3 Bc6 20. Bd1 Rfe8 21. Qf5
Re6 22. Bc2 Rae8 23. Bxa4 Bxa4 24. Rxa4 Qc6 25. Ra7 Rxe3 26. Rxe3 Rxe3 27. Kf2
Re8 28. Qf4 Qe6 29. Qe5 Qc6 30. Qc7 Qe6 31. Qe5 h6 32. h4 Kh7 33. Qxe6 fxe6 34.
g4 h5 35. g5 Ng8 36. Bb4 Kg6 37. f4 Rb8 38. Bc3 Rf8 39. Kf3 Rf7 40. Ra1 Rb7 41.
Ra6 Kf5 42. Ra8 Ne7 43. Rh8 Kg6 44. Re8 Kf7 45. Rh8 Nf5 46. Rxh5 Rb8 47. g6+
Kxg6 48. Rg5+ Kf6 49. h5 Ra8 50. Rg6+ Kf7 51. Rg1 Nd6 52. Bb4 Ne4 53. f5 exf5
54. Kf4 Rb8 55. Ba3 Rb3 56. Kxf5 Rh3 57. Rf1 Rxh5+ 58. Kg4+ Kg6 59. Rf8 Rg5+
60. Kf4 Nf6 61. Rd8 Rg4+ 62. Ke5 Re4+ 63. Kd6 Rxd4 64. Bb4 Rd3 65. Ke5 Re3+ 0-1

[Event "Pobeskydi 2024"]
[Site "Frydek-Mistek, Czech Republic"]
[Date "2024.03.28"]
[Round "1.5"]
[White "Swicarz, Maciej"]
[Black "Marjanovic, Gyorgy"]
[Result "1-0"]
[WhiteElo "2251"]
[BlackElo "2011"]
[PlyCount "65"]
[EventDate "2024.??.??"]

1. e4 c5 2. Nc3 Nc6 3. Bb5 Nd4 4. Bc4 g6 5. Nf3 Bg7 6. Nxd4 Bxd4 7. Qf3 e6 8.
Nb5 Be5 9. Qe3 a6 10. Qxc5 axb5 11. Qxe5 Nf6 12. Bxb5 O-O 13. Bd3 d6 14. Qg3 e5
15. O-O Nh5 16. Qf3 Qh4 17. g3 Qe7 18. Bc4 Kg7 19. d4 f5 20. dxe5 dxe5 21. exf5
Bxf5 22. Qe2 Nf6 23. b3 Rae8 24. a4 Bh3 25. Ba3 Qc7 26. Bb5 Rc8 27. Bxf8+ Rxf8
28. Rfd1 Kh8 29. Qc4 Qb6 30. a5 Qa7 31. Qb4 Rf7 32. Bf1 Bf5 33. Bc4 1-0

[Event "Pobeskydi 2024"]
[Site "?"]
[Date "2024.03.28"]
[Round "1.9"]
[White "Jires, Jiri"]
[Black "Trojan, Matyas"]
[Result "1-0"]
[WhiteElo "2153"]
[BlackElo "1971"]
[PlyCount "59"]
[EventDate "2024.??.??"]
[SourceVersionDate "2024.03.28"]

1. e4 e5 2. Nf3 Nc6 3. Bc4 Bc5 4. d3 Nf6 5. c3 d6 6. h3 O-O 7. O-O a5 8. a4 Be6
9. Bxe6 fxe6 10. Qb3 Qd7 11. Be3 Nh5 12. d4 exd4 13. cxd4 Rxf3 14. dxc5 Rf6 15.
Rd1 Kh8 16. Qxb7 Rb8 17. Rxd6 Qe7 18. Qxc6 cxd6 19. cxd6 Qf7 20. Qc7 Rf8 21.
Qxf7 R8xf7 22. Nc3 e5 23. Nb5 Nf4 24. Bxf4 Rxf4 25. f3 Rd7 26. Rd1 Rf6 27. Rd5
Re6 28. f4 Kg8 29. fxe5 Kf7 30. Nd4 1-0

[Event "Pobeskydi 2024"]
[Site "?"]
[Date "2024.03.28"]
[Round "1.10"]
[White "Zeleny, Tomas"]
[Black "Sikora, Jan"]
[Result "1-0"]
[WhiteElo "1968"]
[BlackElo "2142"]
[PlyCount "55"]
[EventDate "2024.??.??"]
[SourceVersionDate "2024.03.28"]

1. e4 c5 2. c3 d5 3. exd5 Qxd5 4. d4 Nf6 5. Nf3 e6 6. Na3 Nc6 7. Be3 cxd4 8.
Nb5 Qd8 9. Nbxd4 Nxd4 10. Bxd4 Be7 11. Bd3 O-O 12. Qe2 Bd7 13. Ne5 Bc6 14.
O-O-O Qa5 15. Kb1 Rfc8 16. Rhe1 Be8 17. g4 Qc7 18. g5 Nd7 19. Nxd7 Bxd7 20.
Bxh7+ Kf8 21. Qh5 Qf4 22. Bxg7+ Ke8 23. g6 Rc5 24. gxf7+ Kd8 25. Qg6 Rc6 26.
Be5 Qf5+ 27. Qxf5 exf5 28. Bxf5 1-0

[Event "Pobeskydi 2024"]
[Site "?"]
[Date "2024.03.28"]
[Round "1.11"]
[White "Koubova, Anna Marie"]
[Black "Mrazek, Roman"]
[Result "1-0"]
[WhiteElo "2113"]
[BlackElo "1956"]
[PlyCount "103"]
[EventDate "2024.??.??"]
[SourceVersionDate "2024.03.28"]

1. e4 c5 2. Nf3 e6 3. c3 Nf6 4. Bd3 Nc6 5. O-O d6 6. Bc2 Be7 7. d4 cxd4 8. cxd4
O-O 9. Nc3 e5 10. d5 Nb8 11. Ne1 Nbd7 12. Nd3 Re8 13. f4 exf4 14. Bxf4 Bf8 15.
Qf3 Ne5 16. Nxe5 dxe5 17. Bg5 Be7 18. Bb3 h6 19. Bh4 g5 20. Bg3 Bc5+ 21. Kh1
Kg7 22. Ba4 Bg4 23. Qd3 Bd7 24. Rf3 Nh5 25. Raf1 Nxg3+ 26. Rxg3 Bxa4 27. Nxa4
Bd4 28. Rgf3 Rf8 29. Nc3 Bxc3 30. Qxc3 f6 31. Rc1 Rc8 32. Qxc8 Qxc8 33. Rxc8
Rxc8 34. Rc3 Rxc3 35. bxc3 h5 36. Kg1 Kf7 37. Kf2 Ke7 38. Ke3 Kd6 39. c4 Kc5
40. h3 b5 41. cxb5 Kxb5 42. g4 hxg4 43. hxg4 a5 44. Kd3 a4 45. Kc3 Kc5 46. Kb2
Kb5 47. Ka3 Ka5 48. d6 Kb6 49. Kxa4 Kc6 50. Kb4 Kxd6 51. Kc4 Kc6 52. a4 1-0

[Event "Pobeskydi 2024"]
[Site "?"]
[Date "2024.03.28"]
[Round "1.12"]
[White "Bjolek, Jan"]
[Black "Kolasinsky, Krzystof"]
[Result "1/2-1/2"]
[WhiteElo "1923"]
[BlackElo "2070"]
[PlyCount "57"]
[EventDate "2024.??.??"]
[SourceVersionDate "2024.03.28"]

1. d4 Nf6 2. Bf4 g6 3. Nc3 d6 4. e4 Bg7 5. Qd2 c6 6. Bh6 Bxh6 7. Qxh6 Qa5 8. f3
Be6 9. Bd3 Nbd7 10. Nge2 O-O-O 11. h4 Nb6 12. Qg5 c5 13. dxc5 h6 14. Qe3 Qxc5
15. Qxc5+ dxc5 16. Ng3 h5 17. O-O-O Rhg8 18. f4 Ng4 19. Be2 Ne3 20. Rxd8+ Rxd8
21. Bf3 Bg4 22. Nf1 Nbc4 23. Nxe3 Nxe3 24. Bxg4+ Nxg4 25. Rd1 Ne3 26. Rxd8+
Kxd8 27. g3 Kd7 28. Ne2 b5 29. Kd2 1/2-1/2

[Event "Pobeskydi 2024"]
[Site "?"]
[Date "2024.03.28"]
[Round "1.13"]
[White "Orzechowski, Jacek"]
[Black "Buchta, Bartolomej"]
[Result "1-0"]
[WhiteElo "2067"]
[BlackElo "1913"]
[PlyCount "49"]
[EventDate "2024.??.??"]
[SourceVersionDate "2024.03.28"]

1. c4 c5 2. Nc3 Nc6 3. g3 g6 4. Bg2 Bg7 5. a3 Nf6 6. Rb1 a5 7. d3 O-O 8. e4 d6
9. Nge2 Ne8 10. O-O Nc7 11. h3 Ne6 12. f4 Ned4 13. g4 f5 14. exf5 gxf5 15. g5
Re8 16. Ng3 e5 17. Nh5 Ne7 18. Re1 Rb8 19. Nxg7 Kxg7 20. fxe5 Ng6 21. exd6
Rxe1+ 22. Qxe1 Qxd6 23. Nd5 f4 24. Nxf4 Ne7 25. Qg3 1-0

[Event "Pobeskydi 2024"]
[Site "?"]
[Date "2024.03.28"]
[Round "1.14"]
[White "Bazantova, Marie"]
[Black "Fizer, Marek"]
[Result "0-1"]
[WhiteElo "1902"]
[BlackElo "2058"]
[PlyCount "72"]
[EventDate "2024.??.??"]
[SourceVersionDate "2024.03.28"]

1. e4 c5 2. c3 d5 3. exd5 Qxd5 4. d4 g6 5. Be3 cxd4 6. Qxd4 Nf6 7. Na3 Qxd4 8.
Bxd4 Nc6 9. Bxf6 exf6 10. Nb5 Rb8 11. Nc7+ Kd8 12. Nd5 Be6 13. Nxf6 Bg7 14.
O-O-O+ Kc8 15. Ne4 Bxa2 16. Nf3 Kc7 17. Kc2 Be6 18. Bd3 Bg4 19. Rhe1 Ne5 20.
Be2 Nxf3 21. gxf3 Be6 22. Nc5 Bf5+ 23. Kb3 Kc6 24. Ne4 Be6+ 25. Kc2 Rbd8 26.
Ra1 Bh6 27. Bd3 a6 28. Red1 f5 29. Ng3 Bd5 30. Be2 Bf4 31. Rd4 Be5 32. Rd2 Bb3+
33. Kxb3 Rxd2 34. Re1 Bf4 35. Nf1 Rdd8 36. Bc4 Rhe8 0-1

[Event "Pobeskydi 2024"]
[Site "?"]
[Date "2024.03.28"]
[Round "1.15"]
[White "Bulej, Matej"]
[Black "Pataky, Tibor"]
[Result "1-0"]
[WhiteElo "2057"]
[BlackElo "1891"]
[PlyCount "87"]
[EventDate "2024.??.??"]
[SourceVersionDate "2024.03.28"]

1. d4 Nf6 2. Nf3 e6 3. Bg5 Be7 4. e3 d5 5. c4 O-O 6. Nc3 Nbd7 7. Qb3 c6 8. Bd3
dxc4 9. Bxc4 Nd5 10. Bxe7 Qxe7 11. O-O N5b6 12. Bd3 e5 13. a4 exd4 14. Nxd4 Ne5
15. Be2 c5 16. Nf3 Be6 17. Qc2 Bc4 18. Nxe5 Qxe5 19. Bxc4 Nxc4 20. Ne4 Nb6 21.
Nxc5 Rfc8 22. Rfc1 Rc7 23. Qc3 Qe7 24. Qa5 Qe5 25. Nxb7 Qxb2 26. Rcb1 Qf6 27.
Nc5 Rac8 28. Nd3 h6 29. h3 Nc4 30. Qb4 Qf5 31. Nf4 Qe5 32. Qb5 Rc5 33. Qa6 R8c6
34. Qxa7 Nxe3 35. Qb8+ Rc8 36. Qxe5 Rxe5 37. fxe3 Rxe3 38. a5 g5 39. Nd5 Re2
40. Re1 Rxe1+ 41. Rxe1 Rc5 42. a6 Rxd5 43. Re8+ Kg7 44. a7 1-0

[ePGN "0.1;DGT LiveChess/2.2.6"]

[Event "Pobeskydi 2024"]
[Site "Frydek-Mistek, Czech Republic"]
[Date "2024.03.28"]
[Round "2.1"]
[White "Koubova, Anna Marie"]
[Black "Mica, Marek"]
[Result "0-1"]
[WhiteElo "2113"]
[BlackElo "2368"]
[PlyCount "92"]

1. e4 e6 2. d4 d5 3. exd5 exd5 4. Nf3 Bd6 5. Bd3 Nc6 6. c3 Nge7 7. O-O Bg4 8.
Nbd2 Qd7 9. Re1 f6 10. b4 O-O 11. Qc2 Bf5 12. Nb3 b6 13. b5 Nb8 14. Bd2 a6 15.
a4 axb5 16. axb5 Rxa1 17. Nxa1 Bxd3 18. Qxd3 Qf5 19. Qe2 g5 20. Bc1 Nd7 21. Nc2
Ra8 22. Ne3 Qe6 23. Qd2 Bf4 24. Qb2 Bxe3 25. fxe3 Nf5 26. Qb3 Nd6 27. Ba3 Nc4
28. Bb4 Qe4 29. Qd1 Ra2 30. Re2 Rxe2 31. Qxe2 Qxe3+ 32. Qxe3 Nxe3 33. Kf2 Nc4
34. Ke2 Nf8 35. Nd2 Nxd2 36. Kxd2 Ne6 37. g3 Kf7 38. Kd3 Ng7 39. c4 dxc4+ 40.
Kxc4 Ke6 41. d5+ Kd7 42. Bc3 Ne8 43. Kb4 Ke7 44. g4 Nd6 45. h3 Kf7 46. Bd4 Kg6
0-1

[Event "Pobeskydi 2024"]
[Site "Frydek-Mistek, Czech Republic"]
[Date "2024.03.28"]
[Round "2.5"]
[White "Lecki, Leonard"]
[Black "Kanakova, Natalie"]
[Result "1-0"]
[WhiteElo "2038"]
[BlackElo "2180"]
[PlyCount "91"]

1. e4 c5 2. Nf3 Nc6 3. d4 cxd4 4. Nxd4 e5 5. Ne2 Nf6 6. Nbc3 Bc5 7. Ng3 Qb6 8.
Qd2 Ne7 9. Bc4 O-O 10. O-O Qc7 11. Qe2 h6 12. Kh1 a6 13. f4 Bd4 14. f5 Bxc3 15.
bxc3 b5 16. Bb3 Qxc3 17. Bd2 Qc6 18. Bb4 Re8 19. Rad1 d5 20. Bxe7 Rxe7 21. Bxd5
Nxd5 22. exd5 Qe8 23. f6 Rc7 24. fxg7 f5 25. Nh5 Qg6 26. Qxe5 Rxc2 27. Nf6+
Kxg7 28. Qe7+ Qf7 29. Nh5+ Kg8 30. Rfe1 Ra7 31. Nf6+ Kg7 32. Nh5+ Kg6 33. Qh4
Rc4 34. Nf4+ Kh7 35. d6 Re4 36. Rxe4 fxe4 37. Nd5 Qf5 38. Ne7 Qe6 39. Nxc8 Qxc8
40. Qxe4+ Kh8 41. Qe5+ Rg7 42. d7 Qd8 43. Qe6 Kh7 44. Rd6 Qg5 45. Qe4+ Rg6 46.
Qxg6+ 1-0

[Event "Pobeskydi 2024"]
[Site "Frydek-Mistek, Czech Republic"]
[Date "2024.03.28"]
[Round "2.8"]
[White "Turcan, Richard"]
[Black "Bjolek, Jan"]
[Result "1-0"]
[WhiteElo "2366"]
[BlackElo "1923"]
[PlyCount "85"]

1. e4 e6 2. d4 d5 3. Nd2 a6 4. c3 c5 5. exd5 exd5 6. Ngf3 cxd4 7. Nxd4 Bd6 8.
Bd3 Qe7+ 9. Qe2 Qxe2+ 10. Nxe2 Nf6 11. Nb3 O-O 12. Bg5 Ne4 13. Bf4 Rd8 14. Bxd6
Nxd6 15. O-O-O Nd7 16. Nf4 Nb6 17. Bc2 Ne8 18. f3 h6 19. Rd4 Nc7 20. Rhd1 Ne6
21. Nxe6 Bxe6 22. Nc5 Rab8 23. Bb3 a5 24. Na4 Nxa4 25. Rxa4 b6 26. Rad4 Rbc8
27. Bxd5 Rxd5 28. Rxd5 Bxd5 29. Rxd5 Rc6 30. Kd2 Kf8 31. b3 Ke7 32. c4 Rg6 33.
g3 Re6 34. a3 Rc6 35. Kd3 Re6 36. Rd4 f5 37. Rd5 f4 38. gxf4 Rg6 39. c5 bxc5
40. Rxc5 a4 41. bxa4 Rg2 42. Rc2 Rg6 43. a5 1-0

[Event "Pobeskydi 2024"]
[Site "Frydek-Mistek, Czech Republic"]
[Date "2024.03.28"]
[Round "2.3"]
[White "Fizer, Marek"]
[Black "Swicarz, Maciej"]
[Result "1/2-1/2"]
[WhiteElo "2058"]
[BlackElo "2251"]
[PlyCount "89"]

1. e4 c6 2. d4 d5 3. exd5 cxd5 4. Bd3 Nc6 5. c3 Nf6 6. h3 g6 7. Nf3 Bf5 8. Be2
Bxb1 9. Rxb1 Qc7 10. O-O h5 11. Re1 e6 12. Bd3 Be7 13. Bg5 Kf8 14. Ne5 Nxe5 15.
Rxe5 Ne8 16. Bxe7+ Qxe7 17. Qe2 Rd8 18. Re1 Qf6 19. c4 dxc4 20. Bxc4 Nc7 21.
Qe4 Nd5 22. Bxd5 exd5 23. Rxd5 Rxd5 24. Qxd5 Kg7 25. Qxb7 Qxd4 26. Re7 Rf8 27.
Qxa7 Qxb2 28. a4 Qa1+ 29. Kh2 Qf6 30. a5 Qd6+ 31. g3 h4 32. Qe3 hxg3+ 33. fxg3
Rc8 34. h4 Rc2+ 35. Kh3 Qf6 36. Qe5 Qxe5 37. Rxe5 Ra2 38. Kg4 Ra4+ 39. Kf3 Ra3+
40. Kf4 Ra4+ 41. Ke3 Rg4 42. Rg5 Ra4 43. Kd3 Kh6 44. Kc3 f5 45. a6 1/2-1/2

[Event "Pobeskydi 2024"]
[Site "Frydek-Mistek, Czech Republic"]
[Date "2024.03.28"]
[Round "2.4"]
[White "Kratochvil, Vit"]
[Black "Bulej, Matej"]
[Result "1/2-1/2"]
[WhiteElo "2203"]
[BlackElo "2057"]
[PlyCount "95"]

1. e4 c6 2. d4 d5 3. Nc3 dxe4 4. Nxe4 Nf6 5. Nxf6+ exf6 6. c3 Bd6 7. Bd3 O-O 8.
Qc2 Re8+ 9. Ne2 h5 10. Be3 Nd7 11. h3 Nf8 12. O-O Qc7 13. c4 Ne6 14. Qd2 Bd7
15. Rac1 Qd8 16. Nc3 Bb4 17. Qd1 g6 18. Qb3 Bxc3 19. Rxc3 Qc8 20. Qc2 Ng7 21.
Rd1 Nf5 22. Bxf5 Bxf5 23. Qd2 Qd7 24. d5 cxd5 25. cxd5 Rec8 26. Rxc8+ Rxc8 27.
Qd4 Kg7 28. Qxa7 Rc4 29. b3 Rh4 30. Rd4 Re4 31. Qb6 Qe8 32. Rxe4 Qxe4 33. Bd4
Qxd5 34. Qxf6+ Kf8 35. Qh8+ Ke7 36. Qf6+ Kf8 37. b4 Ke8 38. a4 Qe6 39. Qh8+ Kd7
40. Be3 Bc2 41. Qb8 Qd5 42. Bf4 Bxa4 43. Qc7+ Ke6 44. Qc8+ Bd7 45. Qc3 Bc6 46.
f3 f6 47. Qe3+ Kf7 48. h4 1/2-1/2

[Event "Pobeskydi 2024"]
[Site "Frydek-Mistek, Czech Republic"]
[Date "2024.03.28"]
[Round "2.6"]
[White "Stevik, Patrik"]
[Black "Mrazik, Tomas"]
[Result "1-0"]
[WhiteElo "2167"]
[BlackElo "2013"]
[PlyCount "55"]

1. Nf3 Nf6 2. g3 g6 3. b3 Bg7 4. Bb2 d5 5. c4 O-O 6. Bg2 Nc6 7. cxd5 Nxd5 8.
Bxg7 Kxg7 9. O-O e5 10. d3 Be6 11. Qd2 f6 12. Qb2 Qe7 13. Nbd2 Rfd8 14. Rac1 a5
15. Ne4 Ndb4 16. Nc5 Bc8 17. Rfd1 b6 18. Na4 Bb7 19. a3 Na6 20. Nxe5 Nxe5 21.
Bxb7 Ra7 22. Bg2 Qd6 23. d4 Nf7 24. Nc3 Qd7 25. e4 c6 26. e5 Qe6 27. exf6+ Qxf6
28. Ne4 1-0

[Event "Pobeskydi 2024"]
[Site "Frydek-Mistek, Czech Republic"]
[Date "2024.03.28"]
[Round "2.7"]
[White "Zeleny, Tomas"]
[Black "Jires, Jiri"]
[Result "1/2-1/2"]
[WhiteElo "1968"]
[BlackElo "2153"]
[PlyCount "67"]

1. e4 e5 2. Nf3 Nc6 3. Nc3 Nf6 4. d4 exd4 5. Nxd4 Bb4 6. Nxc6 bxc6 7. Bd3 d5 8.
exd5 O-O 9. O-O cxd5 10. h3 Be6 11. Qf3 Re8 12. Bf4 c6 13. a3 Bf8 14. Rfd1 Nd7
15. Bg3 g6 16. Qf4 Nc5 17. Bf1 Bf5 18. b4 Ne6 19. Qd2 Bg7 20. Rab1 Qf6 21. Na4
Ng5 22. Nc5 Ne4 23. Nxe4 Bxe4 24. Ba6 d4 25. Bd3 Bd5 26. Qf4 Re6 27. Qxf6 Bxf6
28. Re1 Rae8 29. Rxe6 Rxe6 30. Bb8 Re7 31. Bd6 Rd7 32. Bc5 Be7 33. Bxd4 Bxg2
34. Kxg2 1/2-1/2

[Event "Pobeskydi 2024"]
[Site "Frydek-Mistek, Czech Republic"]
[Date "2024.03.28"]
[Round "2.2"]
[White "Orzechowski, Jacek"]
[Black "Walek, Petr"]
[Result "0-1"]
[WhiteElo "2067"]
[BlackElo "2272"]
[PlyCount "64"]

1. Nf3 c5 2. b3 d5 3. e3 a6 4. d4 cxd4 5. exd4 Nc6 6. Be2 Bf5 7. O-O e6 8. c4
Nf6 9. Bb2 Ne4 10. Nbd2 Bb4 11. Nxe4 Bxe4 12. c5 Qf6 13. Rc1 Qg6 14. g3 h5 15.
Ne5 Qh7 16. Nxc6 bxc6 17. Bc3 Bxc3 18. Rxc3 h4 19. g4 a5 20. f3 Bg6 21. Qd2 O-O
22. Qf4 Rfc8 23. Rf2 Kh8 24. Qd6 Qh6 25. f4 Be4 26. g5 Qh7 27. Bg4 Bf5 28. Bf3
Rab8 29. a3 Bh3 30. Bd1 Qb1 31. Rxh3 Qxd1+ 32. Rf1 Qg4+ 0-1

[Event "43. Turnaj sachovych nadeji - Pobeskydi "]
[Site "ND Frydek-Mistek, Czech Republ"]
[Date "2024.03.28"]
[Round "2.9"]
[White "Kolasinski, Krzysztof"]
[Black "Tolmacevs, Artjoms"]
[Result "1-0"]
[WhiteElo "2070"]
[BlackElo "2028"]
[PlyCount "91"]
[EventDate "2024.03.28"]

1. d4 Nf6 2. c4 c5 3. d5 e6 4. Nc3 exd5 5. cxd5 d6 6. e4 g6 7. Bd3 Bg7 8. h3
O-O 9. Nf3 b5 10. Nxb5 Re8 11. O-O Nxe4 12. Re1 a6 13. Na3 f5 14. Nc4 Bb7 15.
Bxe4 Rxe4 16. Rxe4 fxe4 17. Ng5 Bd4 18. Ne6 Qf6 19. Nxd4 cxd4 20. Nb6 Ra7 21.
Qg4 Qf5 22. Bf4 Ba8 23. Rc1 Rf7 24. Qxf5 Rxf5 25. Bxd6 Bxd5 26. Nxd5 Rxd5 27.
Bxb8 Rb5 28. Rc8+ Kf7 29. b3 g5 30. Ba7 Rd5 31. Kf1 Rd7 32. Bb6 Ke6 33. Ke2 Rd6
34. Bc5 Rd5 35. b4 h5 36. Rc6+ Kf5 37. Rxa6 g4 38. hxg4+ hxg4 39. Rd6 d3+ 40.
Kd2 Re5 41. g3 Re8 42. a4 Kg5 43. a5 Rc8 44. a6 Kh5 45. a7 e3+ 46. fxe3 1-0

[Event "43. Turnaj sachovych nadeji - Pobeskydi "]
[Site "ND Frydek-Mistek, Czech Republ"]
[Date "2024.03.28"]
[Round "2.10"]
[White "Brejnik, Gustav"]
[Black "Buchtova, Viktorie"]
[Result "1-0"]
[WhiteElo "2265"]
[BlackElo "1874"]
[PlyCount "53"]
[EventDate "2024.03.28"]

1. d4 Nf6 2. c4 e6 3. g3 Bb4+ 4. Nd2 Nc6 5. a3 Be7 6. Ngf3 b6 7. e4 d5 8. cxd5
exd5 9. e5 Ne4 10. Qc2 Nxd2 11. Bxd2 Bd7 12. Bd3 h6 13. O-O O-O 14. Ba6 Rb8 15.
Bd3 Bg4 16. Qxc6 Bxf3 17. Rfc1 Bg5 18. Bxg5 Qxg5 19. Qxc7 g6 20. Qxa7 Qd2 21.
Bxg6 Kg7 22. Qe7 Qxd4 23. Qf6+ Kg8 24. Rc7 Rbc8 25. Bxf7+ Kh7 26. Qg6+ Kh8 27.
Qxh6# 1-0

[Event "43. Turnaj sachovych nadeji - Pobeskydi "]
[Site "ND Frydek-Mistek, Czech Republ"]
[Date "2024.03.28"]
[Round "2.11"]
[White "Sikora, Jan"]
[Black "Sypien, Natan"]
[Result "1/2-1/2"]
[WhiteElo "2142"]
[BlackElo "1870"]
[PlyCount "76"]
[EventDate "2024.03.28"]

1. e4 e5 2. Bc4 Nf6 3. d3 Nc6 4. Nc3 Bc5 5. Bg5 h6 6. Be3 Bxe3 7. fxe3 Na5 8.
Bb3 Nxb3 9. axb3 d5 10. exd5 Nxd5 11. Nxd5 Qxd5 12. e4 Qd6 13. Qd2 O-O 14. Ne2
f5 15. exf5 Bxf5 16. Qe3 Bg6 17. O-O-O c6 18. Rdf1 Rfe8 19. Nc3 a5 20. h4 Qd4
21. Re1 b5 22. h5 Bh7 23. Qxd4 exd4 24. Ne2 c5 25. Nf4 Red8 26. Kd2 Bf5 27. Re7
Re8 28. Rxe8+ Rxe8 29. Re1 Rf8 30. g3 Bg4 31. Ra1 Bxh5 32. Nxh5 Rf2+ 33. Ke1
Rh2 34. Rxa5 Rxh5 35. Rxb5 Rh1+ 36. Ke2 Rh2+ 37. Kd1 Rh1+ 38. Ke2 Rh2+ 1/2-1/2

[Event "43. Turnaj sachovych nadeji - Pobeskydi "]
[Site "ND Frydek-Mistek, Czech Republ"]
[Date "2024.03.28"]
[Round "2.12"]
[White "Zezula, Jakub"]
[Black "Halhoul, Adam"]
[Result "1-0"]
[WhiteElo "2031"]
[BlackElo "1859"]
[PlyCount "55"]
[EventDate "2024.03.28"]

1. e4 c5 2. Nf3 d6 3. d4 cxd4 4. Nxd4 Nf6 5. Nc3 g6 6. Be3 Bg7 7. f3 Nc6 8. Bc4
O-O 9. Qd2 Bd7 10. O-O-O Rb8 11. Bb3 b5 12. h4 Na5 13. Bh6 Bxh6 14. Qxh6 e5 15.
Nde2 b4 16. Nd5 Nxb3+ 17. axb3 Nxd5 18. Rxd5 Be6 19. h5 g5 20. Nd4 Re8 21. Nc6
Qc7 22. Qxg5+ Kf8 23. Qh6+ Kg8 24. Nxb8 Bxd5 25. Rh3 Bxe4 26. fxe4 Rxb8 27.
Rg3+ Kh8 28. Qg7# 1-0

[Event "Pobeskydi 2024"]
[Site "?"]
[Date "2024.03.28"]
[Round "2.13"]
[White "Majranovic, Alex"]
[Black "Kondula, Dominik"]
[Result "1-0"]
[WhiteElo "2020"]
[BlackElo "1859"]
[PlyCount "21"]
[EventDate "2024.??.??"]
[SourceVersionDate "2024.03.28"]

1. d4 f5 2. Bg5 Nf6 3. Bxf6 exf6 4. e3 d5 5. c4 Bb4+ 6. Nc3 O-O 7. Qb3 Bxc3+ 8.
bxc3 Re8 9. Nh3 c6 10. cxd5 Qxd5 11. Bc4 1-0